Los métodos cuantitativos en las ciencias sociales de América Latina /
Պահպանված է:
| Հիմնական հեղինակ: | |
|---|---|
| Ձևաչափ: | Տեքստ |
| Խորագրեր: | |
| Ցուցիչներ: |
Ավելացրեք ցուցիչ
Չկան պիտակներ, Եղեք առաջինը, ով նշում է այս գրառումը!
|
MARC
| LEADER | 00000 a a2200000 04500 | ||
|---|---|---|---|
| 001 | 8639 | ||
| 003 | |||
| 040 | |||
| 100 | |a Cortés, Fernando | ||
| 245 | |a Los métodos cuantitativos en las ciencias sociales de América Latina / |c Fernando Cortés | ||
| 650 | |a ESTADISTICA | ||
| 650 | |a METODOLOGIA | ||
| 650 | |a CIENCIAS SOCIALES | ||
| 650 | |a SOCIOLOGIA | ||
| 650 | |a AMERICA LATINA | ||
| 773 | |g volumen 11, número 30; páginas 91-108 | ||
| 999 | |c 28240 |d 28240 | ||
